• 首页
  • 本馆介绍
  • 公告通知
  • 最新文献
  • 馆藏检索
  • 电子资源
  • 读者导购
  • 参考咨询
  • 我的图书馆
  • 登录
  • 详细信息显示
  • 放入我的书架
  • 预约/预借图书
  • 作者相关作品
  • 分类相关作品
  • 丛书相关作品
  • 出版社相关作品

书目信息

  • 表格格式
  • 工作单格式
  • 卡片格式
题名:
环境与可持续发展导论
    
 
作者: 马光 编著
分册:  
出版信息: 北京   科学出版社  2006
页数: 348页
开本: 24cm
丛书名:
单 册:
中图分类: X22
科图分类:
主题词: 环境保护--可持续发展--高等学校--教材
电子资源:
ISBN: 978-7-03-017180-1
000 00988nam0 2200265 450
001 012004062835
005 20070805150338.25
009 012004062835
010    @a978-7-03-017180-1@dCNY38.00
035    @a(110019)012006072499
100    @a20060814e20072006em y0chiy0110 ea
101 0  @achi
102    @aCN@b110000
105    @aa z 000yy
106    @ar
200 1  @a环境与可持续发展导论@Ahuan jing yu ke chi xu fa zhan dao lun@f马光等编著@Fma guang deng bian zhu
205    @a2版
210    @a北京@c科学出版社@d2006@h2007重印
215    @a348页@c照片@d24cm
330    @a全书正文分十章:第一章绪论;第二章地球的自然生态环境;第三章生态学基本原理;第四章资源、能源与人口;第五章全球大气环境变化;第六章海洋环境与淡水环境;第七章水环境生态修复;第八章森林资源与荒漠化;第九章城市生态环境;第十章可持续发展的实践。
606 0  @a环境保护@x可持续发展@x高等学校@j教材
690    @aX22@v4
701  0 @a马光@Ama guang@4编著
801  0 @aCN@b110019@c20070805
905    @dX22@e109=2@f4
    
    环境与可持续发展导论/马光等编著.-2版.-北京:科学出版社,2006(2007重印)
    348页:照片;24cm
    
    
    ISBN 978-7-03-017180-1:CNY38.00
    全书正文分十章:第一章绪论;第二章地球的自然生态环境;第三章生态学基本原理;第四章资源、能源与人口;第五章全球大气环境变化;第六章海洋环境与淡水环境;第七章水环境生态修复;第八章森林资源与荒漠化;第九章城市生态环境;第十章可持续发展的实践。
●
相关链接 在E读中查询图书 在五车中查询图书 在当当中查询图书 在豆瓣中查询图书


正题名:环境与可持续发展导论     索取号:X22/109=2         预约/预借

序号 登录号 条形码 馆藏地/架位号 状态 备注
1 0851755   208517559   第二样本阅览室/ [索取号:X22/109=2] 在馆    
2 0851756   208517568   第三借阅区/ [索取号:X22/109=2] 在馆    
3 0851757   208517577   第三借阅区/ [索取号:X22/109=2] 在馆    
4 0851758   208517586   第三借阅区/ [索取号:X22/109=2] 在馆    
唐山师范学院图书馆 欢迎您!
大连网信软件有限公司© 版权所有